Países por una sola pista #13 - Estadísticas

Estadísticas generales
  • Esta prueba ha sido intentada 2.861 veces
    2.661 desde el último reinicio
  • La puntuación promedio es 13 de 20
Estadísticas de respuestas
Pista Respuesta % Correcto
Su capital es Kabul Afganistán
87%
Groenlandia pertenece a este país europeo Dinamarca
87%
Entre China y Rusia Mongolia
85%
Su moneda es el dolar de Brunéi Brunéi
80%
Su capital es la sede administrativa de la Unión Europea Bélgica
79%
Kosovo se independizo de este país europeo en 2008 Serbia
78%
Su canal es su principal motor económico Panamá
76%
República parlamentaria y Estado soberano más antiguo del mundo (su idioma es el italiano) San Marino
76%
Alfabéticamente es el penúltimo país Zambia
76%
Su ciudad más poblada es Lagos Nigeria
75%
Córcega busca la independencia de este país Francia
74%
País de nacimiento del Che Guevara Argentina
73%
Desemboca el rio tajo Portugal
67%
País más pobre del mundo árabe Yemen
63%
Cuna de Rihanna Barbados
61%
Se independizó de Francia en 1962 después de una guerra de cientos de miles muertos Argelia
56%
País más pequeño de Africa Seychelles
53%
Trasladó su capital a Naipyidó en 2005 Myanmar
42%
Fue invadida por la URSS en 1941 Rumania
25%
Una región de este país celebró un referéndum el 25 de septiembre Irak
8%
No se encontraron pruebas coincidentes
Distribución de puntuación
Porcentaje de gente con cada puntuación
Porcentaje por número respondido
Historial de tus puntuaciones
No has intentado esta prueba desde el último reinicio